| 000 | 00950nab a22002057a 4500 | ||
|---|---|---|---|
| 999 |
_c5823 _d5823 |
||
| 003 | OSt | ||
| 005 | 20260107120811.0 | ||
| 008 | 190514b xxu||||| |||| 00| 0 spa d | ||
| 040 | _cPJ | ||
| 100 |
_96661 _aComoglio, María Julia |
||
| 245 | 1 | 0 |
_aAlimentos y criptoactivos / _cMaría Julia Comoglio. |
| 300 | _ap. 63-74 | ||
| 505 | _aSumario: I. Punto de partida.— II. Repensar el derecho alimentario en la Cuarta Revolución Industrial.— III. Criptoactivos en el derecho alimentario.— IV. Cuestiones relacionadas a las pruebas.— V. Ejecución de alimentos adeudados y criptoactivos.— VI. Conclusiones provisorias. | ||
| 505 | _tSi te interesa el texto, comunicate a koha@justierradelfuego.gov.ar | ||
| 650 | 0 |
_9967 _aDERECHO DE FAMILIA |
|
| 650 | 0 |
_9614 _aDERECHOS HUMANOS |
|
| 650 | 0 |
_9968 _aALIMENTOS |
|
| 773 | 0 |
_02844 _93222 _dBuenos Aires : AbeledoPerrot, 1989- _tDerecho de familia. N° 118 - Marzo 2025 _z18511201 |
|
| 942 |
_2udc _cANA |
||